| 000 | 00868nam a22002057a 4500 | ||
|---|---|---|---|
| 999 |
_c15456 _d15456 |
||
| 003 | AR-CdUCM | ||
| 008 | 190427b ||||| |||| 00| 0 spa d | ||
| 040 |
_aMUNICIPALIDAD PROVINCIAL DEL CUSCO _cBIBLIOTECA MUNICIPAL DEL CUSCO |
||
| 082 |
_a346 / _bB225 |
||
| 100 |
_aBarandiaran, José León _99531 |
||
| 245 |
_aComentarios al Código Civil peruano : _bderecho de obligaciones / |
||
| 260 |
_aLima : _bLibr. e Impr. Gil, _c1938. |
||
| 300 |
_a341 páginas ; _c24 cm. |
||
| 505 | _aContenido: Contenido: Derecho de obligaciones -- Acto jurídico -- De las obligaciones y de sus modalidades. De los efectos de las obligaciones -- De los contratos -- Del título preliminar y del derecho de las personas. | ||
| 650 |
_aDerecho civil _97386 |
||
| 650 |
_aObligaciones y contratos _934534 |
||
| 650 |
_aPerú _935 |
||
| 942 |
_2ddc _cLIBROS |
||
| 945 |
_adavv _d27/04/2019 |
||